Statistics for French Colors

Click here to take the quiz!

General Stats

  • This quiz has been taken 3,149 times
    (2,974 since last reset)
  • The average score is 11 of 16

Answer Stats

HintAnswer% Correct
redrouge
98%
blacknoir
96%
whiteblanc
94%
bluebleu
93%
orangeorange
93%
greenvert
91%
brownbrun
81%
pinkrose
80%
graygris
78%
yellowjaune
78%
purplepourpre
71%
beigebeige
56%
silverargent
40%
lavenderLavande
22%
scarletecarlate
12%
mahoganyacajou
9%

Score Distribution

Percentile by Number Answered

Percent of People with Each Score

Your Score History

You have not taken this quiz since the last reset